00617nam a2200181 i 4500001000400000100002900004245006200033250001800095260004600113300002900159505002000188650005700208020001500265040000800280041000800288008004100296856009800337bgj1 aEASTWOOD, Johnd(1945- )10aOxford Practice Grammar :bwith answers /cJohn Eastwood. a[10th impr.]. aOxford :bOxford University Press,c2002. a423 pp :bill. ;c25 cm. aIncludes index. 9aEnglish languagexGrammarxProblems, exercises, etc. a0194313697 cBPK0 aeng s uk f |000 0 eng  uhttp://koha.tu.koszalin.pl/cgi-bin/koha/opac-detail.pl?biblionumber=48576yKatalog online BPK